01351 a2200181 45000010006000000050017000060080041000230030015000640400040000790800091001192450032002102640036002423000023002785050803003011000027011047000016011317000022011474878320260407155753.0260407a1972 arg spa dAR-UNSa-BCEJYS aAR-UNSa-BCEJYSbspacAR-UNSa-BCEJYS a338.124xRetroceso de la actividad económica. Contracción económica (Pobreza...)10aLa economía de la pobreza 1aBarcelona :bVicens-Vivesc1972 axi, 271 p.c21 cm. aPrimera Parte: LA TEORÍA Y LA REALIDAD: 1. La política económica y el sistema de precios - 2. El mecanismo del neoimperialismo - 3. El consumidor y el desarrollo económico - - Segunda Parte: La transformación de la agricultura primitiva: 4. La agricultura y el desarrollo económico - 5. La agricultura según la escuela de Chicago - - Tercera Parte: LA EDUCACIÓN Y EL DESARROLLO: 6. La educación y el crecimiento económico - 7. Oxbridge en exceso - - Cuarta Parte: LOS ASPECTOS INTERNACIONALES: 8. Ayuda internacional vs. Comercio internacional - 9. La frustración causada por la administración - 10. La economía en un mundo de en tensión - 11. El impacto de la ayuda - 12. La cooperación como el camino indicado para convertir la ayuda internacional en algo eficaz.1 aBalogh, Lord Thomas S.1 aPuig, Pedro1 aCuadrado, Juan R.